Finding Nemo Character Quiz - Statistics

General Stats
  • This quiz has been taken 43 times
  • The average score is 13 of 25
Answer Stats
Hint Answer % Correct
Little clownfish who goes missing Nemo
97%
Blue tang with short term memory loss Dory
91%
Dad clownfish Marlin
81%
Fish schoolteacher Mr. Ray
78%
Turtle dude Crush
75%
Little turtle dude Squirt
72%
Sharks who are learning that "fish are friends, not food" Bruce
66%
Fish that eats #2 Barracuda
63%
Dentist's nightmare neice Darla
63%
Pelican friend Nigel
63%
Mom clownfish eaten by #1 Coral
56%
The reflection sister Flo
56%
Tank starfish Peach
53%
Yellow tank fish obsessed with bubbles Bubbles
47%
"You guys made me ink" Pearl
44%
Seahorse from Mr. Ray's class Sheldon
44%
Tank blowfish Bloat
41%
Tank fish who thinks her reflectionis her sister Deb
41%
Chum
38%
Anxious tank fish Gurgle
34%
"Obnoxious" butterfly fish from Mr. Ray'sclass Tad
34%
Anchor
31%
Dentist that also kidnapped Nemo Dr. Sherman
22%
French tank cleaner shrimp Jaques
19%
School of fish that try to help Dory Fish school
16%
No matching quizzes found
Score Distribution
Percent of People with Each Score
Percentile by Number Answered
Your Score History
You have not taken this quiz